[Event "FICGS class D 000094 email"]
[Site "FICGS email"]
[Date "2008.07.13"]
[Round "1"]
[White "Vidal, Tomas"]
[Black "Franco, Ruddy"]
[Result "0-1"]
[WhiteElo "1800"]
[BlackElo "1500"]
[PlyCount "30"]
[EventDate "2008.??.??"]
[EventType "tourn (corr)"]
[EventRounds "6"]
[SourceTitle "Corr 2022"]
[Source "ChessBase"]
[SourceDate "2021.10.24"]
[SourceVersion "1"]
[SourceVersionDate "2021.10.24"]
[SourceQuality "1"]

1. e4 e5 2. Nf3 Nc6 3. Bb5 a6 4. Ba4 b5 5. Bb3 Nd4 6. c3 Nc6 7. d4 f6 8. dxe5 Nxe5 9. Nxe5 fxe5 10. Qh5+ g6 11. Qxe5+ Qe7 12. Qxh8 Qxe4+ 13. Kd1 Qg4+ 14. f3 Qxg2 15. Re1+ Kd8 0-1